[Event "Philip Hogarty Memorial IM 2019"]
[Site "Stillorgan"]
[Date "2019.01.06"]
[Round "9"]
[White "Wall, Gavin"]
[Black "De Verdier, Michael"]
[Result "1/2-1/2"]
[WhiteElo "2330"]
[BlackElo "2277"]
[Annotator "NA"]
[PlyCount "121"]
[EventDate "2019.01.02"]
[EventType "tourn"]
[EventCountry "IRL"]
[SourceTitle "playchess.com"]
[Source "ChessBase"]
[SourceQuality "1"]
[TimeControl "5400+30"]

1. e4 {[%emt 0:00:15]} c5 {[%emt 0:00:00]} 2. Nf3 {[%emt 0:00:07]} e6 {[%emt 0:00:00]} 3. b3 {[%emt 0:00:46]} a6 {[%emt 0:00:50]} 4. Bb2 {[%emt 0:00:06]} Nc6 {[%emt 0:00:09]} 5. g3 {[%emt 0:03:43] LiveBook: 131 Games} d6 {[%emt 0:03:34]} 6. Bg2 {[%emt 0:00:55]} Nf6 {[%emt 0:00:07]} 7. Qe2 {[%emt 0:00:13]} Be7 {[%emt 0:01:07] B40: Sicilian: 2...e6, Unusual lines} 8. O-O {[%emt 0:00:51]} O-O {[%emt 0:00:20]} 9. c3 {[%emt 0:06:40]} d5 {[%emt 0:03:39]} 10. e5 {[%emt 0:00:46]} Nd7 {[%emt 0:00:30]} 11. d4 {[%emt 0:01:08]} cxd4 {[%emt 0:04:02]} 12. cxd4 {[%emt 0:01:18]} a5 $146 {[%emt 0:07:16]} ({Predecessor:} 12... b5 13. Nc3 Nb6 14. Rac1 Bd7 15. Qd2 {1-0 (51) Balashov,Y (2555)-Tunik,G (2470) Maikop 1998}) 13. Nc3 {[%emt 0:11:17]} b6 {[%emt 0:01:43]} 14. Rfc1 {[%emt 0:00:03]} Ba6 {[%emt 0:01:33]} 15. Qe3 {[%emt 0:03:08]} Rc8 {[%emt 0:02:51]} 16. Ne1 {[%emt 0:04:42]} Ndxe5 {[%emt 0:08:13]} 17. dxe5 {[%emt 0:00:19]} d4 {[%emt 0:00:08]} 18. Qe4 {[%emt 0:03:32]} dxc3 {[%emt 0:00:36]} 19. Rxc3 {[%emt 0:00:31]} Nb4 {[%emt 0:02:58]} 20. Rxc8 {[%emt 0:01:30]} Qxc8 {[%emt 0:00:28]} 21. Rc1 {[%emt 0:09:27]} Qd7 {[%emt 0:01:48]} 22. Qd4 $17 {[%emt 0:13:46]} Nd5 {[%emt 0:15:58]} 23. Nd3 {[%emt 0:06:53]} Rd8 {[%emt 0:02:37]} 24. Bf1 {[%emt 0:13:06]} Qb7 {[%emt 0:04:15]} 25. Qe4 {[%emt 0:02:54]} g6 {[%emt 0:01:56]} 26. h4 {[%emt 0:05:52]} Qb8 {[%emt 0:05:49]} 27. h5 {[%emt 0:00:42]} Bb7 {[%emt 0:03:25]} 28. Qg4 {[%emt 0:00:46]} Bf8 {[%emt 0:01:50]} 29. Rc4 {[%emt 0:04:56]} Ba6 {[%emt 0:03:24]} 30. Rd4 {[%emt 0:00:19]} Qc7 {[%emt 0:02:54]} 31. hxg6 {[%emt 0:01:23]} hxg6 {[%emt 0:00:01]} 32. Nf4 {[%emt 0:02:09]} Nxf4 {[%emt 0:02:36]} 33. Bxa6 {[%emt 0:00:14]} Rxd4 {[%emt 0:02:44]} 34. Bxd4 {[%emt 0:00:01]} Nd5 {[%emt 0:03:23]} 35. Bc4 {[%emt 0:00:19]} Qc6 {[%emt 0:01:06]} 36. a4 {[%emt 0:00:28]} Bc5 {[%emt 0:01:07]} 37. Bb2 {[%emt 0:00:45]} Ne7 {[%emt 0:01:37]} 38. Qd1 {[%emt 0:01:22]} Nf5 {[%emt 0:01:13]} 39. g4 {[%emt 0:00:29]} Ne7 {[%emt 0:02:57]} 40. Qd3 {[%emt 0:00:29]} g5 {[%emt 0:01:04]} 41. Bc1 {[%emt 0:00:34]} Ng6 {[%emt 0:01:36]} 42. Bb5 {[%emt 0:01:12]} Bxf2+ {[%emt 0:00:53]} 43. Kxf2 {[%emt 0:00:11]} Qxc1 {[%emt 0:00:04]} 44. Qd8+ {[%emt 0:00:14]} Kh7 {[%emt 0:01:00]} 45. Qxb6 {[%emt 0:00:04]} Qd2+ {[%emt 0:00:27]} 46. Kf1 {[%emt 0:00:50]} Nxe5 {[%emt 0:01:00]} 47. Qf2 {[%emt 0:01:35]} Qd1+ {[%emt 0:01:53]} 48. Qe1 {[%emt 0:00:02]} Qd4 {[%emt 0:01:32]} 49. Qxa5 {[%emt 0:00:38]} Nxg4 {[%emt 0:00:40]} 50. Ke2 {[%emt 0:00:03]} Qe3+ {[%emt 0:00:20]} 51. Kd1 {[%emt 0:00:09]} Qxb3+ {[%emt 0:00:17]} 52. Kc1 {[%emt 0:00:02]} Ne3 {[%emt 0:00:52]} 53. Qd2 {[%emt 0:00:14]} Qa3+ {[%emt 0:02:08]} 54. Kb1 {[%emt 0:00:01]} Qc5 {[%emt 0:00:49]} 55. Bd3+ {[%emt 0:01:11]} f5 {[%emt 0:00:50]} 56. a5 {[%emt 0:00:02]} Nd5 {[%emt 0:00:45]} 57. Qxg5 {[%emt 0:00:21]} Nc3+ {[%emt 0:00:25]} 58. Kb2 {[%emt 0:00:19]} Qxa5 {[%emt 0:00:22]} 59. Qe7+ {[%emt 0:00:13]} Kg6 {[%emt 0:00:51]} 60. Qxe6+ {[%emt 0:00:04]} Kg5 {[%emt 0:00:02]} 61. Qxf5+ {[%emt 0:00:15]} 1/2-1/2

[Event "Philip Hogarty Memorial IM 2019"]
[Site "Stillorgan"]
[Date "2019.01.06"]
[Round "9"]
[White "Li, Henry"]
[Black "Sodoma, Jan"]
[Result "1/2-1/2"]
[WhiteElo "2193"]
[BlackElo "2324"]
[Annotator "NA"]
[PlyCount "41"]
[EventDate "2019.01.02"]
[EventType "tourn"]
[EventCountry "IRL"]
[SourceTitle "playchess.com"]
[Source "ChessBase"]
[SourceQuality "1"]
[TimeControl "5400+30"]

1. e4 {[%emt 0:00:00]} e5 {[%emt 0:00:00]} 2. Nf3 {[%emt 0:00:00]} Nc6 {[%emt 0:00:00]} 3. Bb5 {[%emt 0:00:00]} a6 {[%emt 0:00:00]} 4. Ba4 {[%emt 0:00:00]} Nf6 {[%emt 0:00:00]} 5. O-O {[%emt 0:00:00]} Be7 {[%emt 0:00:00]} 6. Re1 {[%emt 0:00:02]} b5 {[%emt 0:00:05]} 7. Bb3 {[%emt 0:00:04]} d6 {[%emt 0:00:31]} 8. c3 {[%emt 0:00:07]} O-O {[%emt 0:00:07]} 9. h3 {[%emt 0:00:07]} Bb7 {[%emt 0:03:47]} 10. d4 {[%emt 0:02:25]} Re8 {[%emt 0:00:06] LiveBook: 6410 Games} 11. Ng5 {[%emt 0:00:25]} Rf8 {[%emt 0:00:07]} 12. Nf3 {[%emt 0:00:06]} Re8 $14 {[%emt 0:00:07]} 13. Ng5 {[%emt 0:02:11]} Rf8 {[%emt 0:00:08]} 14. Nf3 {[%emt 0:00:08]} Re8 {[%emt 1:32:02]} 15. Nbd2 {[%emt 1:31:55]} Bf8 16. a4 {[%emt 0:00:30]} h6 17. Bc2 exd4 18. cxd4 Nb4 {[%emt 0:02:00]} 19. Bb1 c5 20. d5 {[%emt 0:02:00]} Nd7 21. Ra3 {[%emt 0:00:30]} 1/2-1/2

[Event "Philip Hogarty Memorial IM 2019"]
[Site "Stillorgan"]
[Date "2019.01.06"]
[Round "9"]
[White "Melaugh, Shane"]
[Black "O`Gorman, Tom"]
[Result "0-1"]
[WhiteElo "2169"]
[BlackElo "2153"]
[Annotator "NA"]
[PlyCount "86"]
[EventDate "2019.01.02"]
[EventType "tourn"]
[EventCountry "IRL"]
[SourceTitle "playchess.com"]
[Source "ChessBase"]
[SourceQuality "1"]
[TimeControl "5400+30"]

1. c4 {[%emt 0:00:00]} Nf6 {[%emt 0:00:00]} 2. Nc3 {[%emt 0:00:00]} g6 {[%emt 0:00:00]} 3. e4 {[%emt 0:00:00]} d6 {[%emt 0:00:00]} 4. d4 {[%emt 0:00:00]} Bg7 {[%emt 0:00:00]} 5. Be2 {[%emt 0:00:02]} O-O {[%emt 0:00:02]} 6. Be3 {[%emt 0:00:06]} c5 {[%emt 0:00:06]} 7. e5 {[%emt 0:00:36] E73: King's Indian: Averbakh Variation without 6...c5} (7. d5 e6 8. Nf3 exd5 9. cxd5 Re8 10. Nd2 c4 11. O-O Na6 12. Bf3 b6 13. Re1 Nc5 14. Bxc5 bxc5 15. e5 Rxe5 16. Rxe5 dxe5 17. Nxc4 {½-½ (23) Howell,D (2687)-Jones,G (2670) Hull 2018}) 7... Ne8 {[%emt 0:00:08]} 8. exd6 {[%emt 0:00:25]} Nxd6 {[%emt 0:00:17]} 9. dxc5 {[%emt 0:02:57]} Nf5 {[%emt 0:00:08]} 10. Qxd8 {[%emt 0:00:07]} Rxd8 {[%emt 0:00:06]} 11. Bd2 $146 {[%emt 0:02:39]} ({Predecessor:} 11. Nd5 Na6 12. O-O-O Be6 13. Bf3 Rac8 14. Bg5 Bxd5 15. Bxd5 {0-1 (47) Kalavannan,K (2365)-Quirhuayo Chumbe,G (2220) Porto Carras 2018}) 11... Na6 {[%emt 0:04:36]} 12. Nf3 {[%emt 0:02:18]} Nxc5 {[%emt 0:01:15]} 13. O-O {[%emt 0:00:34]} b6 {[%emt 0:01:01]} 14. Rad1 {[%emt 0:00:31]} Bb7 {[%emt 0:01:28]} 15. Bf4 {[%emt 0:01:17]} Nd4 {[%emt 0:07:38]} 16. Nxd4 {[%emt 0:00:57]} Bxd4 {[%emt 0:00:09]} 17. Be3 {[%emt 0:06:57]} Bxc3 {[%emt 0:10:13]} 18. bxc3 {[%emt 0:00:19]} Na4 {[%emt 0:01:52]} 19. Bd4 {[%emt 0:01:47]} Rac8 {[%emt 0:10:36]} 20. Rb1 {[%emt 0:05:43]} Nc5 {[%emt 0:09:33]} 21. Bxc5 {[%emt 0:06:43]} Rxc5 {[%emt 0:00:38]} 22. Rfd1 {[%emt 0:00:15]} Rxd1+ {[%emt 0:04:31]} 23. Rxd1 {[%emt 0:00:06]} Rc7 {[%emt 0:01:00]} 24. f3 {[%emt 0:01:05]} Ba6 {[%emt 0:01:43]} 25. Rd4 {[%emt 0:01:35]} e5 $17 {[%emt 0:04:35]} 26. Re4 {[%emt 0:00:03]} f6 {[%emt 0:00:06]} 27. Kf2 {[%emt 0:00:53]} Rc5 {[%emt 0:01:02]} 28. f4 {[%emt 0:00:30]} Kf7 {[%emt 0:00:22]} 29. fxe5 {[%emt 0:00:06]} fxe5 {[%emt 0:00:06]} 30. Ke3 {[%emt 0:00:20]} Kf6 {[%emt 0:00:41]} 31. g3 {[%emt 0:02:52]} Bc8 {[%emt 0:02:03]} 32. Bd1 {[%emt 0:01:16]} Bf5 {[%emt 0:02:17]} 33. Rh4 {[%emt 0:00:11]} h5 {[%emt 0:00:06]} 34. a4 {[%emt 0:00:29]} Be6 {[%emt 0:01:19]} 35. Be2 {[%emt 0:01:35]} Bd7 {[%emt 0:00:31]} 36. Bd1 {[%emt 0:00:10]} Bc6 {[%emt 0:00:08]} 37. Bc2 {[%emt 0:01:16]} Ra5 {[%emt 0:02:45]} 38. Kd2 {[%emt 0:04:56]} Bxa4 {[%emt 0:01:20]} 39. c5 {[%emt 0:00:26]} Bxc2 {[%emt 0:00:29]} 40. cxb6 {[%emt 0:00:07]} Ra2 {[%emt 0:00:17]} 41. bxa7 {[%emt 0:01:16]} Bf5+ {[%emt 0:00:06]} 42. Ke3 {[%emt 0:00:06]} Bg4 {[%emt 0:00:04]} 43. h3 {[%emt 0:00:22]} g5 {[%emt 0:00:05]} 0-1